000 00876nam a22002057a 4500
001 BD-DhSAU 14
003 BD-DhSAU
005 20220329151732.0
008 131204b2013 bg a|||| |||| 00| 0 ben d
020 _a9789846032604
_cTK. 350
040 _aBD-DhSAU
082 _222
_a৬৩৬.২ / ইসস্বা
100 _aইসলাম,রফিকুল
_dকৃষিবিদ
_qমো. রফিকুল ইসলাম
245 _aস্বাস্হ্য সম্মত উপায়ে গরু মোটাতাজাকরনের কৌশল
_cমো. রফিকুল ইসলাম
260 _aঢাকা, বাংলাদেশ :
_bপলল প্রকাশনী
_c২০১৩
300 _a184 p.
_bill .;
_c20 cm.
504 _aBibliographical references
650 _aগরু মোটাতাজাকরন
942 _2ddc
_cBOOK
999 _c14
_d14